[Event "Turniej Blitza na II Lidze Juniorów 2018"]
[Site "Szczyrk, Poland"]
[Date "2018.07.26"]
[Round "2.16"]
[White "Majdanski, Maksymilian"]
[Black "Lorenc, Marian"]
[Result "0-1"]
[TimeControl "3'+2\""]
[WhiteElo "1461"]
[BlackElo "1845"]

1. d4 {[%clk 00:03:02]} {[%emt 00:00:01]} Nf6 {[%clk 00:03:03]} {[%emt
00:00:01]} 2. c4 {[%clk 00:03:03]} {[%emt 00:00:02]} c5 {[%clk 00:03:02]}
{[%emt 00:00:02]} 3. d5 {[%clk 00:03:04]} {[%emt 00:00:01]} b5 {[%clk
00:03:03]} 4. cxb5 {[%clk 00:03:05]} {[%emt 00:00:01]} a6 {[%clk 00:03:04]} 5.
bxa6 {[%clk 00:03:07]} {[%emt 00:00:02]} Bxa6 {[%clk 00:03:05]} {[%emt
00:00:01]} 6. Nc3 {[%clk 00:03:08]} {[%emt 00:00:01]} g6 {[%clk 00:03:05]}
{[%emt 00:00:02]} 7. e4 {[%clk 00:03:09]} Bxf1 {[%clk 00:03:05]} {[%emt
00:00:02]} 8. Kxf1 {[%clk 00:03:10]} {[%emt 00:00:01]} d6 {[%clk 00:03:04]}
{[%emt 00:00:03]} 9. Nf3 {[%clk 00:03:10]} {[%emt 00:00:01]} Bg7 {[%clk
00:03:05]} {[%emt 00:00:01]} 10. g3 {[%clk 00:03:11]} {[%emt 00:00:02]} O-O
{[%clk 00:03:04]} {[%emt 00:00:02]} 11. Kg2 {[%clk 00:03:12]} {[%emt 00:00:01]}
Nbd7 {[%clk 00:03:04]} {[%emt 00:00:02]} 12. Qe2 {[%clk 00:02:57]} {[%emt
00:00:18]} Ng4 {[%clk 00:03:03]} {[%emt 00:00:03]} 13. Nd2 {[%clk 00:02:39]}
{[%emt 00:00:19]} Ngf6 {[%clk 00:02:52]} {[%emt 00:00:14]} 14. a4 {[%clk
00:02:38]} {[%emt 00:00:03]} Qb6 {[%clk 00:02:42]} {[%emt 00:00:12]} 15. Nc4
{[%clk 00:02:15]} {[%emt 00:00:25]} Qb4 {[%clk 00:02:27]} {[%emt 00:00:16]} 16.
a5 {[%clk 00:02:01]} {[%emt 00:00:17]} Rfb8 {[%clk 00:02:21]} {[%emt 00:00:06]}
17. Rd1 {[%clk 00:01:38]} {[%emt 00:00:26]} Ne8 {[%clk 00:02:21]} {[%emt
00:00:03]} 18. Ra4 {[%clk 00:01:20]} {[%emt 00:00:19]} Qb3 {[%clk 00:02:18]}
{[%emt 00:00:05]} 19. Ra3 {[%clk 00:01:21]} {[%emt 00:00:02]} Qb7 {[%clk
00:02:17]} {[%emt 00:00:02]} 20. Na4 {[%clk 00:01:12]} {[%emt 00:00:12]} Nc7
{[%clk 00:02:08]} {[%emt 00:00:10]} 21. Nab6 {[%clk 00:01:13]} {[%emt
00:00:02]} Nxb6 {[%clk 00:02:08]} {[%emt 00:00:01]} 22. Nxb6 {[%clk 00:01:14]}
{[%emt 00:00:02]} Ra6 {[%clk 00:02:01]} {[%emt 00:00:07]} 23. Rdd3 {[%clk
00:01:11]} {[%emt 00:00:07]} Na8 {[%clk 00:01:57]} {[%emt 00:00:05]} 24. Nxa8
{[%clk 00:01:07]} {[%emt 00:00:07]} Rbxa8 {[%clk 00:01:58]} {[%emt 00:00:01]}
25. Rdb3 {[%clk 00:01:08]} {[%emt 00:00:01]} Qc7 {[%clk 00:01:56]} {[%emt
00:00:03]} 26. Bd2 {[%clk 00:01:09]} {[%emt 00:00:02]} c4 {[%clk 00:01:53]}
{[%emt 00:00:05]} 27. Rb4 {[%clk 00:00:57]} {[%emt 00:00:14]} Rc8 {[%clk
00:01:39]} {[%emt 00:00:15]} 28. Qe3 {[%clk 00:00:39]} {[%emt 00:00:21]} Rxa5
{[%clk 00:01:36]} {[%emt 00:00:04]} 29. Rxc4 {[%clk 00:00:33]} {[%emt
00:00:09]} Qxc4 {[%clk 00:01:33]} {[%emt 00:00:04]} 30. Rxa5 {[%clk 00:00:32]}
{[%emt 00:00:03]} Bxb2 {[%clk 00:01:31]} {[%emt 00:00:05]} 31. Ra7 {[%clk
00:00:29]} {[%emt 00:00:05]} Bd4 {[%clk 00:01:29]} {[%emt 00:00:02]} 32. Qf3
{[%clk 00:00:24]} {[%emt 00:00:09]} Bxa7 {[%clk 00:01:29]} {[%emt 00:00:02]} 33.
Bg5 {[%clk 00:00:22]} {[%emt 00:00:05]} Qc3 {[%clk 00:01:20]} {[%emt 00:00:09]}
34. Bxe7 {[%clk 00:00:19]} {[%emt 00:00:06]} Qxf3+ {[%clk 00:01:20]} {[%emt
00:00:02]} 35. Kxf3 {[%clk 00:00:20]} Bc5 {[%clk 00:01:20]} {[%emt 00:00:02]}
36. h4 {[%clk 00:00:17]} {[%emt 00:00:06]} Re8 {[%clk 00:01:16]} {[%emt
00:00:05]} 37. Bg5 {[%clk 00:00:17]} {[%emt 00:00:03]} Ra8 {[%clk 00:01:15]}
{[%emt 00:00:02]} 38. Be3 {[%clk 00:00:15]} {[%emt 00:00:05]} Bxe3 {[%clk
00:01:15]} {[%emt 00:00:01]} 39. Kxe3 {[%clk 00:00:16]} {[%emt 00:00:02]} f6
{[%clk 00:01:15]} {[%emt 00:00:01]} 40. Kf4 {[%clk 00:00:17]} {[%emt 00:00:02]}
Kf7 {[%clk 00:01:16]} {[%emt 00:00:01]} 41. f3 {[%clk 00:00:18]} Ra3 {[%clk
00:01:13]} {[%emt 00:00:03]} 42. g4 {[%clk 00:00:19]} {[%emt 00:00:02]} h6
{[%clk 00:01:13]} {[%emt 00:00:03]} 43. g5 {[%clk 00:00:15]} {[%emt 00:00:06]}
hxg5+ {[%clk 00:01:12]} {[%emt 00:00:02]} 44. hxg5 {[%clk 00:00:17]} {[%emt
00:00:01]} fxg5+ {[%clk 00:01:13]} 45. Kxg5 {[%clk 00:00:18]} Rxf3 {[%clk
00:01:12]} {[%emt 00:00:03]} 46. Kg4 {[%clk 00:00:19]} {[%emt 00:00:02]} Rf1
{[%clk 00:01:12]} {[%emt 00:00:02]} 47. Kg5 {[%clk 00:00:20]} {[%emt 00:00:02]}
Kg7 {[%clk 00:01:10]} {[%emt 00:00:02]} 48. e5 {[%clk 00:00:19]} {[%emt
00:00:03]} dxe5 {[%clk 00:01:11]} {[%emt 00:00:01]} 49. d6 {[%clk 00:00:21]} e4
{[%clk 00:01:10]} {[%emt 00:00:03]} 50. d7 {[%clk 00:00:21]} {[%emt 00:00:02]}
Rd1 {[%clk 00:01:11]} {[%emt 00:00:01]} 51. Kf4 {[%clk 00:00:21]} {[%emt
00:00:02]} Rxd7 {[%clk 00:01:11]} {[%emt 00:00:02]} 52. Kxe4 {[%clk 00:00:22]}
{[%emt 00:00:01]} Kf6 {[%clk 00:01:11]} {[%emt 00:00:02]} 53. Kf4 {[%clk
00:00:23]} {[%emt 00:00:01]} g5+ {[%clk 00:01:12]} {[%emt 00:00:02]} 54. Kg4
{[%clk 00:00:24]} {[%emt 00:00:01]} Rd4+ 0-1

[Event "Turniej Blitza na II Lidze Juniorów 2018"]
[Site "Szczyrk, Poland"]
[Date "2018.07.26"]
[Round "2.26"]
[White "Laszczak, Przemyslaw"]
[Black "Madajczak, Piotr"]
[Result "1-0"]
[TimeControl "3'+2\""]
[WhiteElo "1748"]
[BlackElo "1380"]

1. d4 {[%clk 00:03:03]} f5 {[%clk 00:03:04]} {[%emt 00:00:01]} 2. Bg5 {[%clk
00:03:03]} {[%emt 00:00:02]} g6 {[%clk 00:03:04]} {[%emt 00:00:01]} 3. h4
{[%emt 00:00:05]} h6 {[%clk 00:03:00]} {[%emt 00:00:06]} 4. Bf4 {[%clk
00:03:01]} Bg7 {[%clk 00:03:00]} {[%emt 00:00:02]} 5. e3 {[%clk 00:03:03]} Nf6
{[%clk 00:03:00]} {[%emt 00:00:02]} 6. Nf3 {[%clk 00:03:03]} {[%emt 00:00:03]}
O-O {[%clk 00:02:59]} {[%emt 00:00:03]} 7. Bd3 {[%clk 00:03:04]} {[%emt
00:00:01]} d6 {[%clk 00:02:59]} {[%emt 00:00:02]} 8. c3 {[%clk 00:03:02]}
{[%emt 00:00:04]} Nh5 {[%clk 00:02:55]} {[%emt 00:00:05]} 9. Bh2 {[%clk
00:03:01]} {[%emt 00:00:04]} Qe8 {[%clk 00:02:48]} {[%emt 00:00:08]} 10. e4
{[%clk 00:02:33]} {[%emt 00:00:30]} e5 {[%clk 00:02:39]} {[%emt 00:00:11]} 11.
dxe5 {[%clk 00:02:33]} {[%emt 00:00:02]} dxe5 {[%clk 00:02:39]} {[%emt
00:00:03]} 12. Nbd2 {[%clk 00:02:27]} {[%emt 00:00:08]} f4 {[%clk 00:02:35]}
{[%emt 00:00:06]} 13. Qb3+ {[%clk 00:02:09]} {[%emt 00:00:20]} Kh8 {[%clk
00:02:29]} {[%emt 00:00:07]} 14. O-O-O {[%clk 00:02:10]} {[%emt 00:00:02]} Be6
{[%clk 00:02:03]} {[%emt 00:00:28]} 15. Qxb7 {[%clk 00:02:09]} {[%emt
00:00:03]} Nd7 {[%clk 00:02:04]} 16. Qxc7 {[%clk 00:02:04]} {[%emt 00:00:07]}
Nb6 {[%clk 00:01:33]} {[%emt 00:00:33]} 17. Nxe5 {[%clk 00:01:41]} {[%emt
00:00:25]} Bxa2 {[%clk 00:01:18]} {[%emt 00:00:17]} 18. Ndf3 {[%clk 00:01:21]}
{[%emt 00:00:22]} Bb3 {[%clk 00:01:01]} {[%emt 00:00:19]} 19. Bc2 {[%clk
00:01:10]} {[%emt 00:00:14]} Bxc2 {[%clk 00:00:55]} {[%emt 00:00:07]} 20. Kxc2
{[%clk 00:01:11]} {[%emt 00:00:01]} Qa4+ {[%clk 00:00:57]} 21. Kb1 {[%clk
00:01:06]} {[%emt 00:00:07]} Nc4 {[%clk 00:00:50]} {[%emt 00:00:09]} 22. Qxc4
{[%clk 00:01:03]} {[%emt 00:00:04]} 1-0

[Event "Turniej Blitza na II Lidze Juniorów 2018"]
[Site "Szczyrk, Poland"]
[Date "2018.07.26"]
[Round "2.48"]
[White "Piechota, Kamil"]
[Black "Taranowicz, Zofia"]
[Result "1/2-1/2"]
[TimeControl "3'+2\""]
[WhiteElo "1459"]
[BlackElo "1175"]

1. e4 {[%clk 00:03:02]} {[%emt 00:00:02]} c6 {[%clk 00:03:03]} 2. d4 {[%clk
00:03:03]} {[%emt 00:00:01]} d5 {[%clk 00:03:04]} 3. exd5 {[%clk 00:03:05]}
{[%emt 00:00:01]} cxd5 {[%clk 00:03:05]} 4. c3 {[%clk 00:03:06]} Nf6 {[%clk
00:03:05]} {[%emt 00:00:01]} 5. Bd3 {[%clk 00:03:07]} e6 {[%clk 00:03:01]}
{[%emt 00:00:07]} 6. Bf4 {[%clk 00:03:05]} {[%emt 00:00:04]} Bd6 {[%clk
00:03:01]} {[%emt 00:00:02]} 7. Bg3 {[%clk 00:03:05]} {[%emt 00:00:03]} Bxg3
{[%clk 00:03:00]} {[%emt 00:00:03]} 8. hxg3 {[%clk 00:03:06]} Nbd7 {[%clk
00:02:54]} {[%emt 00:00:08]} 9. Nd2 {[%clk 00:03:07]} {[%emt 00:00:02]} b6
{[%clk 00:02:49]} {[%emt 00:00:06]} 10. Ngf3 {[%clk 00:03:08]} Bb7 {[%clk
00:02:39]} {[%emt 00:00:11]} 11. Qc2 {[%clk 00:03:05]} {[%emt 00:00:06]} g6
{[%clk 00:02:35]} {[%emt 00:00:06]} 12. O-O-O {[%clk 00:02:52]} {[%emt
00:00:15]} Qc7 {[%clk 00:02:23]} {[%emt 00:00:14]} 13. Rde1 {[%clk 00:02:53]}
{[%emt 00:00:02]} O-O-O {[%clk 00:02:14]} {[%emt 00:00:10]} 14. Kb1 {[%clk
00:02:43]} {[%emt 00:00:12]} Kb8 {[%clk 00:02:15]} {[%emt 00:00:01]} 15. Ng5
{[%clk 00:02:29]} {[%emt 00:00:17]} Rdf8 {[%clk 00:02:08]} {[%emt 00:00:08]} 16.
Nh3 {[%clk 00:02:01]} {[%emt 00:00:30]} Rc8 {[%clk 00:02:04]} {[%emt 00:00:06]}
17. Ng5 {[%clk 00:01:59]} {[%emt 00:00:04]} Rcf8 {[%clk 00:02:04]} 18. Ngf3
{[%clk 00:01:59]} {[%emt 00:00:03]} Rc8 {[%clk 00:02:04]} {[%emt 00:00:02]} 19.
Ne5 {[%clk 00:02:00]} Nxe5 {[%clk 00:02:00]} {[%emt 00:00:06]} 20. dxe5 {[%clk
00:01:56]} {[%emt 00:00:06]} Nd7 {[%clk 00:02:01]} 21. f4 {[%clk 00:01:57]}
{[%emt 00:00:02]} Nc5 {[%clk 00:01:53]} {[%emt 00:00:09]} 22. Nf3 {[%clk
00:01:49]} {[%emt 00:00:09]} Nd7 {[%clk 00:01:28]} {[%emt 00:00:27]} 23. Nd4
{[%clk 00:01:49]} {[%emt 00:00:03]} Nc5 {[%clk 00:01:02]} {[%emt 00:00:28]} 24.
Nb5 {[%clk 00:01:46]} {[%emt 00:00:05]} Qd7 {[%clk 00:00:58]} {[%emt 00:00:05]}
25. Nd6 {[%clk 00:01:48]} {[%emt 00:00:01]} Rc7 {[%clk 00:00:56]} {[%emt
00:00:04]} 26. Bb5 {[%clk 00:01:44]} {[%emt 00:00:06]} Bc6 {[%clk 00:00:53]}
{[%emt 00:00:04]} 27. Bxc6 {[%clk 00:01:46]} Rxc6 {[%clk 00:00:50]} {[%emt
00:00:06]} 28. Rhf1 {[%clk 00:01:36]} {[%emt 00:00:12]} Ne4 {[%clk 00:00:51]}
29. Nxe4 {[%clk 00:01:36]} {[%emt 00:00:02]} dxe4 {[%clk 00:00:52]} 30. Qxe4
{[%clk 00:01:36]} {[%emt 00:00:04]} Kc7 {[%clk 00:00:44]} {[%emt 00:00:10]} 31.
Rd1 {[%clk 00:01:37]} Qe7 {[%clk 00:00:38]} {[%emt 00:00:06]} 32. Rd4 {[%clk
00:01:38]} {[%emt 00:00:02]} Rd8 {[%clk 00:00:37]} {[%emt 00:00:03]} 33. Rfd1
{[%clk 00:01:39]} {[%emt 00:00:01]} Rxd4 34. Qxd4 {[%clk 00:01:40]} h5 {[%clk
00:00:22]} {[%emt 00:00:08]} 35. Kc2 {[%clk 00:01:34]} {[%emt 00:00:09]} Rc5
{[%clk 00:00:21]} {[%emt 00:00:03]} 36. b3 {[%clk 00:01:28]} {[%emt 00:00:06]}
Rd5 {[%clk 00:00:22]} {[%emt 00:00:03]} 37. Qc4+ {[%clk 00:01:29]} {[%emt
00:00:01]} Qc5 {[%clk 00:00:16]} {[%emt 00:00:07]} 38. Rxd5 {[%clk 00:01:25]}
{[%emt 00:00:07]} exd5 {[%clk 00:00:16]} {[%emt 00:00:03]} 39. Qxc5+ {[%clk
00:01:26]} bxc5 {[%clk 00:00:16]} {[%emt 00:00:01]} 40. Kd3 {[%clk 00:01:27]}
{[%emt 00:00:01]} Kc6 {[%clk 00:00:14]} {[%emt 00:00:04]} 41. c4 {[%clk
00:01:28]} d4 {[%clk 00:00:14]} {[%emt 00:00:01]} 42. a3 {[%clk 00:01:29]}
{[%emt 00:00:01]} a5 {[%clk 00:00:11]} {[%emt 00:00:05]} 43. a4 {[%clk
00:01:25]} {[%emt 00:00:07]} Kc7 {[%clk 00:00:08]} {[%emt 00:00:05]} 44. Ke4
{[%clk 00:01:25]} {[%emt 00:00:02]} Kc6 {[%clk 00:00:08]} {[%emt 00:00:01]} 45.
Kd3 {[%clk 00:01:11]} {[%emt 00:00:16]} Kc7 {[%clk 00:00:09]} {[%emt 00:00:01]}
46. g4 {[%clk 00:01:12]} {[%emt 00:00:02]} hxg4 {[%clk 00:00:09]} {[%emt
00:00:02]} 47. g3 {[%clk 00:01:05]} {[%emt 00:00:09]} Kc6 {[%clk 00:00:10]} 48.
Ke2 {[%clk 00:01:06]} {[%emt 00:00:02]} Kd7 {[%clk 00:00:08]} {[%emt 00:00:05]}
49. Kf2 {[%clk 00:01:06]} {[%emt 00:00:01]} Ke6 {[%clk 00:00:07]} {[%emt
00:00:02]} 50. Ke2 {[%clk 00:01:03]} {[%emt 00:00:05]} Kf5 {[%clk 00:00:09]} 51.
Kd3 {[%clk 00:01:04]} {[%emt 00:00:01]} g5 {[%clk 00:00:04]} {[%emt 00:00:07]}
52. fxg5 {[%clk 00:01:06]} Kxg5 {[%emt 00:00:01]} 53. Ke4 Kg6 {[%clk 00:00:03]}
{[%emt 00:00:04]} 54. Kf4 {[%clk 00:01:06]} {[%emt 00:00:03]} f6 {[%clk
00:00:03]} {[%emt 00:00:02]} 55. e6 {[%clk 00:00:54]} {[%emt 00:00:14]} Kg7
{[%clk 00:00:05]} 56. Kxg4 {[%clk 00:00:52]} {[%emt 00:00:03]} d3 {[%emt
00:00:02]} 57. Kf3 {[%clk 00:00:53]} d2 {[%clk 00:00:07]} 58. Ke2 {[%clk
00:00:54]} d1=Q+ {[%emt 00:00:05]} 59. Kxd1 {[%clk 00:00:55]} Kf8 {[%clk
00:00:06]} 60. Ke2 {[%clk 00:00:56]} {[%emt 00:00:02]} Ke7 {[%clk 00:00:07]} 61.
Ke3 {[%clk 00:00:57]} Kxe6 {[%clk 00:00:08]} 62. Ke4 {[%clk 00:00:59]} f5+
{[%clk 00:00:08]} {[%emt 00:00:03]} 63. Kf4 {[%clk 00:01:00]} Kf6 {[%clk
00:00:08]} 64. g4 {[%clk 00:00:47]} {[%emt 00:00:16]} fxg4 65. Kxg4 {[%clk
00:00:48]} Ke5 {[%clk 00:00:10]} 66. Kg5 {[%clk 00:00:49]} Kd4 {[%clk
00:00:11]} {[%emt 00:00:01]} 67. Kf5 {[%clk 00:00:51]} Kc3 {[%clk 00:00:12]}
{[%emt 00:00:01]} 68. Ke5 {[%clk 00:00:52]} Kxb3 {[%clk 00:00:13]} {[%emt
00:00:03]} 69. Kd5 {[%clk 00:00:54]} Kxa4 {[%clk 00:00:12]} {[%emt 00:00:03]}
70. Kxc5 {[%clk 00:00:55]} Kb3 {[%clk 00:00:12]} 71. Kd5 {[%clk 00:00:57]} a4
{[%clk 00:00:13]} {[%emt 00:00:02]} 72. c5 {[%clk 00:00:58]} a3 {[%clk
00:00:14]} {[%emt 00:00:02]} 73. c6 {[%clk 00:01:00]} a2 {[%clk 00:00:15]} 74.
c7 {[%clk 00:01:01]} {[%emt 00:00:01]} a1=Q {[%clk 00:00:15]} {[%emt 00:00:02]}
75. c8=Q {[%clk 00:01:01]} {[%emt 00:00:02]} Qd1+ {[%clk 00:00:15]} {[%emt
00:00:01]} 76. Ke5 {[%clk 00:01:02]} {[%emt 00:00:02]} Qe1+ {[%clk 00:00:13]}
{[%emt 00:00:04]} 77. Kf6 {[%clk 00:01:03]} {[%emt 00:00:01]} Qf1+ {[%clk
00:00:11]} {[%emt 00:00:03]} 78. Ke5 {[%clk 00:01:05]} {[%emt 00:00:02]} Qe1+
{[%clk 00:00:08]} {[%emt 00:00:04]} 79. Kf4 {[%clk 00:01:06]} Qf1+ {[%clk
00:00:06]} {[%emt 00:00:04]} 80. Kg5 {[%clk 00:01:07]} {[%emt 00:00:02]} Qg1+
{[%clk 00:00:06]} {[%emt 00:00:02]} 1/2-1/2

[Event "Turniej Blitza na II Lidze Juniorów 2018"]
[Site "Szczyrk, Poland"]
[Date "2018.07.26"]
[Round "2.21"]
[White "Grzesik, Gracjan"]
[Black "Chodorowski, Adrian"]
[Result "1-0"]
[TimeControl "3'+2\""]
[WhiteElo "1832"]
[BlackElo "1401"]

1. e4 {[%clk 00:03:03]} c5 {[%clk 00:03:04]} 2. Nf3 {[%clk 00:03:04]} {[%emt
00:00:01]} Nc6 {[%clk 00:03:04]} {[%emt 00:00:02]} 3. d4 {[%clk 00:03:05]}
{[%emt 00:00:01]} cxd4 {[%clk 00:03:05]} {[%emt 00:00:01]} 4. Nxd4 {[%clk
00:03:06]} g6 {[%clk 00:03:06]} {[%emt 00:00:01]} 5. Be3 {[%clk 00:03:04]}
{[%emt 00:00:03]} Bg7 {[%clk 00:03:07]} {[%emt 00:00:01]} 6. Nc3 {[%clk
00:03:01]} {[%emt 00:00:05]} Nf6 {[%clk 00:03:08]} {[%emt 00:00:01]} 7. Be2
{[%clk 00:02:57]} {[%emt 00:00:06]} O-O {[%clk 00:03:09]} {[%emt 00:00:02]} 8.
O-O {[%clk 00:02:57]} {[%emt 00:00:02]} d6 {[%clk 00:03:10]} 9. Qd2 {[%clk
00:02:52]} {[%emt 00:00:08]} Re8 {[%clk 00:03:10]} {[%emt 00:00:01]} 10. f4
{[%clk 00:02:35]} {[%emt 00:00:20]} Bd7 {[%clk 00:03:10]} {[%emt 00:00:02]} 11.
Bf3 {[%clk 00:02:23]} {[%emt 00:00:14]} Nxd4 {[%clk 00:03:10]} {[%emt
00:00:02]} 12. Bxd4 {[%clk 00:02:24]} {[%emt 00:00:02]} Bc6 {[%clk 00:03:08]}
{[%emt 00:00:03]} 13. Rfe1 {[%clk 00:02:20]} {[%emt 00:00:06]} Nd7 {[%clk
00:03:05]} {[%emt 00:00:05]} 14. Bxg7 {[%clk 00:02:20]} {[%emt 00:00:03]} Kxg7
{[%clk 00:03:06]} 15. Kh1 {[%clk 00:02:17]} {[%emt 00:00:04]} Kg8 {[%clk
00:03:07]} 16. Rad1 {[%clk 00:02:09]} {[%emt 00:00:10]} Qb6 {[%clk 00:03:07]}
{[%emt 00:00:02]} 17. b3 {[%clk 00:02:10]} {[%emt 00:00:01]} Rac8 {[%clk
00:03:05]} {[%emt 00:00:04]} 18. Nd5 {[%clk 00:01:59]} {[%emt 00:00:13]} Bxd5
{[%clk 00:03:05]} {[%emt 00:00:02]} 19. exd5 {[%clk 00:02:00]} {[%emt
00:00:01]} Nc5 {[%clk 00:03:05]} {[%emt 00:00:02]} 20. c4 {[%clk 00:01:59]}
{[%emt 00:00:03]} Qc7 {[%clk 00:02:51]} {[%emt 00:00:16]} 21. Qd4 {[%clk
00:01:58]} {[%emt 00:00:03]} Qd7 {[%clk 00:02:44]} {[%emt 00:00:09]} 22. h3
{[%clk 00:01:58]} {[%emt 00:00:02]} b5 {[%clk 00:02:43]} {[%emt 00:00:03]} 23.
cxb5 {[%clk 00:01:04]} {[%emt 00:00:56]} Qxb5 {[%clk 00:02:44]} {[%emt
00:00:01]} 24. Be2 {[%clk 00:00:58]} {[%emt 00:00:08]} Qb6 {[%clk 00:02:40]}
{[%emt 00:00:04]} 25. b4 {[%clk 00:00:56]} {[%emt 00:00:07]} Nd7 {[%clk
00:02:41]} 26. Qxb6 {[%clk 00:00:52]} {[%emt 00:00:05]} Nxb6 {[%clk 00:02:42]}
{[%emt 00:00:01]} 27. Bb5 {[%clk 00:00:52]} {[%emt 00:00:02]} Red8 {[%clk
00:02:39]} {[%emt 00:00:03]} 28. Rxe7 {[%clk 00:00:40]} {[%emt 00:00:16]} Rc2
{[%clk 00:02:39]} {[%emt 00:00:02]} 29. Rxa7 {[%clk 00:00:38]} {[%emt
00:00:04]} Rb2 {[%clk 00:02:36]} {[%emt 00:00:04]} 30. a3 {[%clk 00:00:38]}
{[%emt 00:00:03]} Rc8 {[%clk 00:02:37]} {[%emt 00:00:02]} 31. Bc6 {[%clk
00:00:39]} Rb8 {[%clk 00:02:23]} {[%emt 00:00:15]} 32. Rd4 {[%clk 00:00:29]}
{[%emt 00:00:12]} Rc2 {[%clk 00:02:16]} {[%emt 00:00:09]} 33. a4 {[%clk
00:00:27]} {[%emt 00:00:04]} Nc4 {[%clk 00:02:15]} {[%emt 00:00:04]} 34. b5
{[%clk 00:00:25]} {[%emt 00:00:03]} Ne3 {[%clk 00:02:15]} {[%emt 00:00:02]} 35.
Re4 {[%clk 00:00:17]} {[%emt 00:00:09]} Nxg2 {[%clk 00:02:11]} {[%emt
00:00:07]} 36. Ra8 {[%clk 00:00:16]} {[%emt 00:00:02]} Rxa8 {[%clk 00:02:12]}
{[%emt 00:00:02]} 37. Bxa8 {[%clk 00:00:17]} {[%emt 00:00:01]} Nh4 {[%clk
00:02:04]} {[%emt 00:00:09]} 38. Re8+ {[%clk 00:00:06]} {[%emt 00:00:14]} Kg7
{[%clk 00:02:05]} {[%emt 00:00:01]} 39. Kg1 {[%clk 00:00:07]} {[%emt 00:00:01]}
Ra2 {[%clk 00:02:05]} {[%emt 00:00:02]} 40. Bc6 {[%clk 00:00:06]} {[%emt
00:00:03]} Rxa4 {[%clk 00:02:05]} {[%emt 00:00:02]} 41. b6 {[%clk 00:00:07]}
{[%emt 00:00:01]} Rb4 {[%clk 00:02:06]} 42. b7 {[%clk 00:00:08]} Nf3+ {[%clk
00:02:06]} {[%emt 00:00:02]} 43. Kf2 {[%clk 00:00:09]} Nd4 {[%clk 00:02:07]}
{[%emt 00:00:02]} 44. b8=Q {[%clk 00:00:09]} {[%emt 00:00:02]} Rxb8 {[%clk
00:02:08]} {[%emt 00:00:01]} 45. Rxb8 {[%clk 00:00:10]} Nxc6 {[%clk 00:02:08]}
{[%emt 00:00:02]} 46. dxc6 {[%clk 00:00:11]} {[%emt 00:00:01]} Kf6 {[%clk
00:02:09]} 47. c7 {[%emt 00:00:01]} Ke7 48. c8=Q {[%clk 00:00:13]} {[%emt
00:00:02]} Kf6 {[%clk 00:02:12]} 49. Qd8+ {[%clk 00:00:13]} {[%emt 00:00:02]}
Kg7 {[%clk 00:02:13]} 50. Qxd6 {[%clk 00:00:11]} {[%emt 00:00:05]} Kh6 {[%clk
00:02:14]} 51. Qf6 {[%clk 00:00:10]} {[%emt 00:00:03]} Kh5 {[%clk 00:02:15]} 52.
Qg5# {[%clk 00:00:11]} {[%emt 00:00:02]} 1-0